Long-term monitoring of PKS 0537-441 with Fermi-LAT and multiwavelength observations
Saved in:
| Other Authors: | , , |
|---|---|
| Format: | Article (Journal) |
| Language: | English |
| Published: |
2013
|
| In: |
Monthly notices of the Royal Astronomical Society
Year: 2013, Volume: 431, Issue: 3, Pages: 2481-2492 |
| ISSN: | 0035-8711 |
| Online Access: |
|
| Author Notes: | F. D’Ammando, E. Antolini, G. Tosti, J. Finke, S. Ciprini, S. Larsson, M. Ajello, S. Covino, D. Gasparrini, M. Gurwell, M. Hauser, P. Romano, F. Schinzel, S. J. Wagner, D. Impiombato, M. Perri, M. Persic, E. Pian, G. Polenta, B. Sbarufatti, A. Treves, S. Vercellone, A. Wehrle, A. Zook |
MARC
| LEADER | 00000caa a22000002c 4500 | ||
|---|---|---|---|
| 001 | 1452453721 | ||
| 003 | DE-627 | ||
| 005 | 20220810232026.0 | ||
| 007 | tu | ||
| 008 | 130521s2013 xx ||||| 00| ||eng c | ||
| 035 | |a (DE-627)1452453721 | ||
| 035 | |a (DE-576)382453727 | ||
| 035 | |a (DE-599)BSZ382453727 | ||
| 035 | |a (OCoLC)1340459904 | ||
| 040 | |a DE-627 |b ger |c DE-627 |e rakwb | ||
| 041 | |a eng | ||
| 084 | |a 29 |2 sdnb | ||
| 245 | 0 | 0 | |a Long-term monitoring of PKS 0537-441 with Fermi-LAT and multiwavelength observations |c F. D’Ammando, E. Antolini, G. Tosti, J. Finke, S. Ciprini, S. Larsson, M. Ajello, S. Covino, D. Gasparrini, M. Gurwell, M. Hauser, P. Romano, F. Schinzel, S. J. Wagner, D. Impiombato, M. Perri, M. Persic, E. Pian, G. Polenta, B. Sbarufatti, A. Treves, S. Vercellone, A. Wehrle, A. Zook |
| 264 | 1 | |c 2013 | |
| 300 | |a 12 | ||
| 336 | |a Text |b txt |2 rdacontent | ||
| 337 | |a ohne Hilfsmittel zu benutzen |b n |2 rdamedia | ||
| 338 | |a Band |b nc |2 rdacarrier | ||
| 700 | 1 | |a D'Ammando, Filippo |0 (DE-627)145245972X |0 (DE-576)382459725 |4 oth | |
| 700 | 1 | |a Hauser, Marcus |0 (DE-588)1014142113 |0 (DE-627)705173100 |0 (DE-576)348350848 |4 oth | |
| 700 | 1 | |a Wagner, Stefan |0 (DE-588)1034487728 |0 (DE-627)745635997 |0 (DE-576)38209123X |4 oth | |
| 773 | 0 | 8 | |i In |a Royal Astronomical Society |t Monthly notices of the Royal Astronomical Society |d Oxford : Oxford University Press, 1827 |g 431(2013), 3, Seite 2481-2492 |w (DE-627)129495689 |w (DE-600)207232-4 |w (DE-576)014893827 |x 0035-8711 |7 nnas |
| 773 | 1 | 8 | |g volume:431 |g year:2013 |g number:3 |g pages:2481-2492 |g extent:12 |a Long-term monitoring of PKS 0537-441 with Fermi-LAT and multiwavelength observations |
| 776 | 0 | 8 | |i Erscheint auch als |n Online-Ausg. |a D'Ammando, Filippo |t Long-term monitoring of PKS 0537−441 with Fermi–LAT and multiwavelength observations |d 2013 |w (DE-627)1524635200 |w (DE-576)454635206 |
| 951 | |a AR | ||
| 992 | |a 20130521 | ||
| 993 | |a Article | ||
| 998 | |g 1034487728 |a Wagner, Stefan |m 1034487728:Wagner, Stefan |d 700000 |d 714000 |d 714300 |e 700000PW1034487728 |e 714000PW1034487728 |e 714300PW1034487728 |k 0/700000/ |k 1/700000/714000/ |k 2/700000/714000/714300/ |p 14 | ||
| 998 | |g 1014142113 |a Hauser, Marcus |m 1014142113:Hauser, Marcus |d 700000 |d 714000 |d 714100 |e 700000PH1014142113 |e 714000PH1014142113 |e 714100PH1014142113 |k 0/700000/ |k 1/700000/714000/ |k 2/700000/714000/714100/ |p 11 | ||
| 999 | |a KXP-PPN1452453721 |e 2746843684 | ||
| BIB | |a Y | ||
| SER | |a journal | ||
| JSO | |a {"physDesc":[{"extent":"12 S."}],"recId":"1452453721","origin":[{"dateIssuedKey":"2013","dateIssuedDisp":"2013"}],"language":["eng"],"type":{"bibl":"article-journal"},"id":{"eki":["1452453721"]},"person":[{"family":"D'Ammando","display":"D'Ammando, Filippo","role":"oth","given":"Filippo"},{"family":"Hauser","display":"Hauser, Marcus","role":"oth","given":"Marcus"},{"given":"Stefan","display":"Wagner, Stefan","role":"oth","family":"Wagner"}],"title":[{"title":"Long-term monitoring of PKS 0537-441 with Fermi-LAT and multiwavelength observations","title_sort":"Long-term monitoring of PKS 0537-441 with Fermi-LAT and multiwavelength observations"}],"name":{"displayForm":["F. D’Ammando, E. Antolini, G. Tosti, J. Finke, S. Ciprini, S. Larsson, M. Ajello, S. Covino, D. Gasparrini, M. Gurwell, M. Hauser, P. Romano, F. Schinzel, S. J. Wagner, D. Impiombato, M. Perri, M. Persic, E. Pian, G. Polenta, B. Sbarufatti, A. Treves, S. Vercellone, A. Wehrle, A. Zook"]},"relHost":[{"pubHistory":["1.1827 -"],"note":["Ungezählte Beil.: Short communication"],"disp":"Royal Astronomical SocietyMonthly notices of the Royal Astronomical Society","recId":"129495689","titleAlt":[{"title":"Monthly notices of the RAS"},{"title":"Short communication"},{"title":"Short communications"}],"language":["eng"],"origin":[{"dateIssuedDisp":"1827-","publisher":"Oxford University Press ; [Verlag nicht ermittelbar] ; Blackwell Science","dateIssuedKey":"1827","publisherPlace":"Oxford ; London ; Oxford"}],"title":[{"title_sort":"Monthly notices of the Royal Astronomical Society","title":"Monthly notices of the Royal Astronomical Society"}],"type":{"bibl":"periodical"},"id":{"eki":["129495689"],"zdb":["207232-4"],"issn":["0035-8711"]},"part":{"year":"2013","pages":"2481-2492","issue":"3","text":"431(2013), 3, Seite 2481-2492","volume":"431","extent":"12"},"corporate":[{"display":"Royal Astronomical Society","role":"aut"}]}]} | ||
| SRT | |a LONGTERMMO2013 | ||